|
|
|
|
| LEADER |
00000cam a2200000 4500 |
| 001 |
vtls012243508 |
| 003 |
SK-MaSNL |
| 005 |
20260331211803.0 |
| 008 |
231107s2023 xxkho f n 011 0 eng |
| 015 |
|
|
|a SNBZSA2024/01
|
| 020 |
|
|
|a 9780367262853
|q (viazané)
|
| 040 |
|
|
|a SNK
|b slo
|c SNK
|e rda
|
| 041 |
0 |
|
|a eng
|
| 044 |
|
|
|a xxk
|c UK
|a xxu
|c US
|
| 072 |
|
7 |
|a 94(4)
|x Dejiny Európy
|2 konspekt
|
| 080 |
|
|
|a 308
|2 2011
|
| 080 |
|
|
|a 329.18
|2 2011
|
| 080 |
|
|
|a 329.14:329.17
|2 2011
|
| 080 |
|
|
|a 328/329
|2 2011
|
| 080 |
|
|
|a 94(4)
|2 2011
|
| 080 |
|
|
|a (082)
|2 2011
|
| 100 |
1 |
|
|a Clark, Roland
|4 edt
|9 326434
|
| 245 |
1 |
0 |
|a European Fascist Movement
|b a sourcebook
|c edited by Roland Clark and Tim Grady
|
| 264 |
|
1 |
|a London
|a New York
|b Routledge, Taylor & Francis Group
|c 2023
|
| 300 |
|
|
|a xxiii, 402 strán
|b faksimile, fotografie
|c 24 cm
|
| 336 |
|
|
|a text
|b txt
|2 rdacontent
|
| 337 |
|
|
|a bez média
|b n
|2 rdamedia
|
| 338 |
|
|
|a zväzok
|b nc
|2 rdacarrier
|
| 500 |
|
|
|a Obsahuje poznámky pod čiarou
|
| 504 |
|
|
|a Obsahuje bibliografiu za jednotlivými prispevkami a register
|
| 648 |
|
7 |
|a 20. storočie
|2 SNKPH
|9 278343
|
| 650 |
0 |
7 |
|a sociálne pomery
|2 SNKPH
|9 3879
|
| 650 |
0 |
7 |
|a Social conditions
|2 SNKPHeng
|9 265818
|
| 650 |
0 |
7 |
|a fašizmus
|2 SNKPH
|9 4834
|
| 650 |
0 |
7 |
|a Fascism
|2 SNKPHeng
|9 281685
|
| 650 |
0 |
7 |
|a národný socializmus
|2 SNKPH
|9 83316
|
| 650 |
0 |
7 |
|a national socialism
|2 SNKPHeng
|9 299289
|
| 650 |
0 |
7 |
|a politika a vláda
|2 SNKPH
|9 3868
|
| 650 |
0 |
7 |
|a Politics and government
|2 SNKPHeng
|9 280895
|
| 651 |
|
7 |
|a Európa
|x dejiny
|2 SNKPHgeo
|9 170615
|
| 651 |
|
7 |
|a Europe
|x History
|2 SNKPHeng
|9 176387
|
| 655 |
|
7 |
|a zborníky
|2 SNKPH
|9 70165
|
| 655 |
|
7 |
|a Papers of several authors
|2 SNKPHeng
|9 153738
|
| 700 |
1 |
|
|a Grady, Tim
|4 edt
|9 476947
|
| 852 |
|
|
|a Slovenská národná knižnica
|
| 919 |
|
|
|a 978-0-367-26285-3
|
| 954 |
|
|
|a odborná, vedecká literatúra cudzojazyčná (svetová)
|2 lita
|
| 958 |
|
|
|a ZS
|
| 958 |
|
|
|a NB
|
| 999 |
|
|
|c 744293
|d 746223
|
| 952 |
|
|
|a SNK
|b SNK
|y PREZ
|7 0
|p 17A1538316
|o snkSC 204175
|i snk2023/16058
|8 3
|g 171.21
|0 0
|1 0
|4 0
|d 2023-11-07
|l 0
|r 2025-10-28 00:00:00
|w 2026-02-23
|